000 00363nam a2200145Ia 4500
008 191201s2009 xx 000 0 und d
082 _a006.6869
_bROS
100 _aROSE, Carla
245 0 _aSams Teach Yourself Adobe Photoshop 7 in 24 Hours
250 _aRep
260 _aN.Delhi
_bTech media
_c2009
300 _a462
650 _aB.Tech(IT)
942 _2ddc
_cBK
999 _c4022
_d4022